Top 10 Countries with the Most Nuclear Warheads - Statistics

General Stats
  • This quiz has been taken 1,175 times
  • The average score is 9 of 10
Answer Stats
Position Est. Warheads Country % Correct
2 7700 USA
100%
1 8500 Russia
99%
5 225 UK
98%
3 300 France
96%
4 250 China
95%
7 90-110 India
95%
9 10 North Korea
94%
6 100-120 Pakistan
88%
10 ? Iran
81%
8 80 Israel
80%
No matching quizzes found
Score Distribution
Percent of People with Each Score
Percentile by Number Answered
Your Score History
You have not taken this quiz